| 000 | 01000nam a22002777a 4500 | ||
|---|---|---|---|
| 003 | OSt | ||
| 005 | 20170731134647.0 | ||
| 008 | 170709s2015 ua gr f000 0 ara d | ||
| 017 | _a2015 / 22853 | ||
| 020 | _a9789779105567 | ||
| 040 |
_aEG-ScBUE _bara _cEG-ScBUE |
||
| 043 | _af-ua--- | ||
| 082 | 0 | 4 |
_222 _a306.0962 _bس ر ا |
| 100 | 1 |
_aسراج الدين، إسماعيل _d1944 - |
|
| 245 | 1 | 2 |
_aالتحدي : _bرؤية ثقافية لمجابهة التطرف والعنف / _cبقلم إسماعيل سراج الدين. |
| 260 |
_aالقاهرة : _bالهيئة المصرية العامة للكتاب، _c2015. |
||
| 300 |
_a314 ص. ؛ _c24 سم. |
||
| 500 | _aيشتمل على ملاحق. | ||
| 541 | _aإهداء من د. محمد شومان. | ||
| 590 | _aعلياء عادل | ||
| 650 | 7 |
_2BUEsh _aالتغيير الثقافي _zمصر. |
|
| 650 | 7 |
_aالتطرف الديني _zمصر. |
|
| 653 |
_bGGEN _cJuly2017 |
||
| 655 |
_vReading book _934232 |
||
| 942 | _2ddc | ||
| 999 |
_c25006 _d24978 |
||